00236nam a22000977a 4500082001200000100002200012245003100034260005300065300000800118650001200126 a264 SEL aSeline, Augustine aManagement Devotional 2017 aChennaibChristian Institute of Managementc2017 a435 aLiturgy